Welcome to CU Library Online Public Access Catalogue (OPAC)

Medical Assisting: A Patient-Centered Approach to Administrative and Clinical Competencies/ (Record no. 2768)

MARC details
000 -LEADER
fixed length control field 00536nam a22001457a 4500
005 - DATE AND TIME OF LATEST TRANSACTION
control field 20250122105531.0
008 - FIXED-LENGTH DATA ELEMENTS--GENERAL INFORMATION
fixed length control field 250122b |||||||| |||| 00| 0 eng d
020 ## - INTERNATIONAL STANDARD BOOK NUMBER
International Standard Book Number 9780028024295
050 ## - LIBRARY OF CONGRESS CALL NUMBER
Classification number R728.8
Item number .M4
245 ## - TITLE STATEMENT
Title Medical Assisting: A Patient-Centered Approach to Administrative and Clinical Competencies/
Remainder of title student workbook to accompany
Statement of responsibility, etc. Barbara Prickett-Ramutkowski et al.,
260 ## - PUBLICATION, DISTRIBUTION, ETC.
Place of publication, distribution, etc. New York
Name of publisher, distributor, etc. Glencoe McGraw-Hill
Date of publication, distribution, etc. 1999
300 ## - PHYSICAL DESCRIPTION
Extent viii. 428p.
Other physical details ill
Dimensions 27.5cm
700 ## - ADDED ENTRY--PERSONAL NAME
Personal name Prickett-Ramutkowski, Barbara
942 ## - ADDED ENTRY ELEMENTS (KOHA)
Source of classification or shelving scheme Library of Congress Classification
Koha item type Books
Suppress in OPAC No
999 ## -
-- 2768
-- 2768
Holdings
Withdrawn status Lost status Source of classification or shelving scheme Damaged status Not for loan Collection Home library Current library Shelving location Date acquired Total checkouts Full call number Barcode Date last seen Copy number Price effective from Koha item type
    Library of Congress Classification     Non-fiction Science Library (Miotso) Science Library (Miotso) General stacks 01/22/2025   R728.8 .M4 MED SLM00002101 01/22/2025 1 01/22/2025 Books
    Library of Congress Classification     Non-fiction Science Library (Miotso) Science Library (Miotso) General stacks 01/22/2025   R728.8 .M4 MED SLM00002102 01/22/2025 2 01/22/2025 Books
    Library of Congress Classification     Non-fiction Science Library (Miotso) Science Library (Miotso) General stacks 01/22/2025   R728.8 .M4 MED SLM00002103 01/22/2025 3 01/22/2025 Books
    Library of Congress Classification     Non-fiction Science Library (Miotso) Science Library (Miotso) General stacks 01/22/2025   R728.8 .M4 MED SLM00002104 01/22/2025 4 01/22/2025 Books
    Library of Congress Classification     Non-fiction Science Library (Miotso) Science Library (Miotso) General stacks 01/22/2025   R728.8 .M4 MED SLM00002105 01/22/2025 5 01/22/2025 Books
© 2023-2024 Copyright: Central University Libraries. All Rights Reserved | Created by: Mahone Tech Office